| 000 | 006420000a22001930004500 | ||
|---|---|---|---|
| 999 |
_c59954 _d59954 |
||
| 001 | 768714001 | ||
| 003 | CO-MdFUSB | ||
| 005 | 20170719123438.0 | ||
| 008 | 170719s1992 ag ||||| |||| 00| 0 spa d | ||
| 022 | _a0122-2996 | ||
| 040 |
_aCO-MdFUSB _bspa _cCO-MdFUSB _dCO-MdFUSB |
||
| 041 | _aspa | ||
| 100 | 1 |
_aPowell, David R. _eautor |
|
| 245 | 1 | 0 |
_aBibliografía : _bla Nueva Evangelización: un reto pastoral |
| 300 |
_aVolumen 24. Número 47/48 (1992), Páginas 273-278 _c22 cm. |
||
| 546 | _aTexto en español | ||
| 773 | 0 |
_tBoletín Teológico _049507 _961462 _gVolumen 24. Número 47/48 (1992), Páginas 273-278 _qPágina 273 |
|
| 942 | _cANA | ||